000 00539nam a22002057a 4500
003 OSt
005 20160412144801.0
008 160412b xxu||||| |||| 00| 0 eng d
020 _a0201178478
040 _cDDC.
082 _a658WAT 1998.
100 _aWaters,Donald;
_96827
245 _aA practical Introduction to Management.
250 _a2nd ed.
260 _aEngland.
_bFT Prentice Hall.
_c1998.
300 _axii,572p;
_bill;
_c22cm
504 _aincludes index and Appendix.
650 _aManagement.
_9364
942 _2ddc
_cSLOAN
999 _c3453
_d3453